000 00301nam a22001097a 4500
008 170105b xxu||||| |||| 00| 0 eng d
020 _a9780071381529
041 _aeng
080 _a618.2
245 _aFIRST AID FOR THE USMLE STEP 1
_cBHUSHAN, V & LE, T & AMIN, CH & CHU, A & WANG, K.C
942 _2udc
_cBK
999 _c2540
_d2540